000 00934nam a2200241Ia 4500
001 15752
003 GE_BSU
008 181216s||||||||xx |||||||||||||| ||und||
020 _a9789941461040
040 _cGE_BSU
080 _a811.352.3
100 _aჯანაშია,რუსუდან
245 _aუბიხური ენა
245 _cრედ:მერაბ ჩუხუა
260 _aთბილისი.
260 _bგ.გ
260 _c2015
300 _a131გვ;19სმ
520 _aსაქართველოს კულტურისა და ძეგლთა დაცვის სამინისტრო,სსიპ ჩერქეზული (ადიღეური)კულტურის ცენტრი.
653 _aუბიხური ენა
653 _aჩერქეზი ხალხის,უბიხების ენა
942 _cBK
999 _c48850
_d48850